|
|
|
|
| LEADER |
00000nab a2200000 a 4500 |
| 001 |
vtls000398451 |
| 003 |
SK-MaSNL |
| 005 |
20260304002415.0 |
| 008 |
160215c xo 0 slo |
| 015 |
|
|
|a SNBRB19rr/mm-uuuuu
|
| 035 |
|
|
|a CL0398575
|
| 040 |
|
|
|a SNKBUCL
|b slo
|c SNKBUCL
|e AACR2
|
| 041 |
0 |
|
|a slo
|
| 044 |
|
|
|a xo
|c SK
|
| 080 |
|
|
|a 78.071.2:792.5
|2 1981
|
| 080 |
|
|
|a 792.5
|2 1981
|
| 080 |
|
|
|a 929 Hanáková, Božena
|2 1981
|
| 100 |
1 |
|
|a Kuxová, Milena
|4 ivr
|9 428458
|
| 245 |
1 |
0 |
|a Graciózna, nezabudnuteľná
|b medailónik k životnému jubileu Boženy Hanákovej
|c Milena Kuxová
|
| 600 |
1 |
7 |
|a Hanáková, Božena,
|d 1930-2018
|2 snkbucl
|9 244190
|
| 655 |
|
7 |
|a rozhovory
|2 snkbucl
|9 31831
|
| 655 |
|
7 |
|a články z novín a časopisov
|2 snkbucl
|9 267496
|
| 700 |
1 |
|
|a Hanáková, Božena,
|d 1930-2018
|2 ive
|4 aut
|9 244190
|
| 773 |
0 |
|
|t Košický večer
|g Roč. 1(22), č. 20 (14. 11. 1990), s. /5/
|
| 850 |
|
|
|a Slovenská národná knižnica
|
| 852 |
|
|
|a Slovenská národná knižnica
|
| 958 |
|
|
|a BX
|
| 958 |
|
|
|a RK
|
| 992 |
|
|
|a RBX
|
| 999 |
|
|
|c 2541821
|d 2543751
|